000 00484nam a2200157 i 4500
001 26573
003 ES-MaACL
005 20230906153450.0
007 t|
008 030109s1845 sp ||||1| spa d
100 1 _aAvecilla, Pedro Alonso.
_923997
245 1 0 _aPizarro y el siglo XVI
_b: novela histórica /
_cPablo Alonso Avecilla.
260 _aMadrid :
_b[s.n.,
_c1845] (
_fSeveriano Omaña)
300 _a312 p. ;
_c21 cm.
852 _aES-MaACL
_jD-1174
_z.- Legado M. de la Fuente
999 _c26573
_d26573